Dzielnice Krakowa - nagła śmierć - Statystyki

Ogólne statystyki
  • Ten quiz został rozwiązany 335 razy
  • Średni wynik to 5 z 15
Answers on the Grid
Answers color-coded by a green-red scale on the quiz's grid according to % correct below.
Swoszowice
Dębniki
Stara Huta
Prądnik Czerwony
Balice
Mistrzejowice-Północ
Bieżanów-Prokocim
Borek Fałęcki
Piasek
Złocień
Stare Miasto
Zwierzyniec
Prądnik Biały
Nowa Huta
Bieńczyce
Wesoła
Podgórze
Wawel
Olszanica
Błonia
Wzgórza Krzesławickie
Podgórze Duchackie
Starówka
Wieliczka
Powiśle
Kurdwanów
Krowodrza
Czyżyny
Mistrzejowice
Barbakan
 
Statystyki odpowiedzi
Odpowiedź % Poprawnych
Prądnik Czerwony
74%
Dębniki
66%
Swoszowice
62%
Bieżanów-Prokocim
44%
Nowa Huta
32%
Podgórze
32%
Stare Miasto
32%
Prądnik Biały
29%
Podgórze Duchackie
27%
Wzgórza Krzesławickie
27%
Krowodrza
26%
Zwierzyniec
25%
Czyżyny
24%
Mistrzejowice
23%
Bieńczyce
21%
Nie znaleziono quizów pasujących do podanych kryteriów
Rozkład punktacji
Procent ludzi z każdym wynikiem
Percentyl według liczby udzielonych odpowiedzi
Twoja historia wyników
Nie rozwiązałeś tego quizu